Current and Potential Chinese Foreign Direct Investment in the Slovak Republic
Spolupráca Číny a krajín SVE na platforme 16+1. Priemyselný sektor na Slovensku, výhody a nevýhody - prípad automobilového priemyslu. Vplyv čínskych priamych zahraničných investícií na ekonomiku SR. Právna ochrana súčasných a budúcich čínskych investícií na Slovensku.
Salvato in:
| Autore principale: | |
|---|---|
| Altri autori: | , |
| Natura: | Capitolo di libro |
| Lingua: | inglese |
| Soggetti: | |
| Tags: |
Nessun Tag, puoi essere il primo ad aggiungerne!!
|
MARC
| LEADER | 00000nla a2200000 4500 | ||
|---|---|---|---|
| 001 | 0235092 | ||
| 005 | 20240502083626.7 | ||
| 041 | 0 | |a eng | |
| 044 | |a EE | ||
| 245 | 1 | 0 | |a Current and Potential Chinese Foreign Direct Investment in the Slovak Republic |c Liqun Zhang, Martin Grešš, Katarína Brocková |
| 520 | |a Spolupráca Číny a krajín SVE na platforme 16+1. Priemyselný sektor na Slovensku, výhody a nevýhody - prípad automobilového priemyslu. Vplyv čínskych priamych zahraničných investícií na ekonomiku SR. Právna ochrana súčasných a budúcich čínskych investícií na Slovensku. | ||
| 610 | 2 | 0 | |a Čína |
| 610 | 2 | 0 | |a Vyšehradská štvorka |
| 610 | 2 | 0 | |a spolupráca medzinárodná |
| 610 | 2 | 0 | |a priemysel automobilový |
| 610 | 2 | 0 | |a investície priame zahraničné |
| 610 | 2 | 0 | |a ochrana investícií |
| 100 | 1 | |a Zhang, Liqun | |
| 700 | 1 | |a Grešš, Martin, 1978- | |
| 700 | 1 | |a Brocková, Katarína, 1976- | |